000 01542nam a2200433 i 4500
001 88086
003 FINmELB
005 20241217171621.0
006 m o u
007 cr cn|||||||||
008 220829s2020 sp o 000 0 spa d
020 _a9788491817819
_q(e-book)
020 _z9788491817727
_q(impreso)
035 _a(OCoLC)1345546795
040 _aFINmELB
_bspa
_erda
_cFINmELB
041 1 _aspa
_heng
050 4 _aPR6011.O53
_bF673 2020
080 _a821.111-31"19"
082 0 4 _a823.912
_23
100 1 _aFord, Ford Madox,
_d1873-1939,
_eautor.
240 1 4 _aThe good soldier.
_lEspañol
245 1 3 _aEl buen soldado /
_cFord Madox Ford ; traducción del inglés por José Luis López Muñoz.
264 1 _aMadrid :
_bAlianza Editorial,
_c[2020]
264 4 _c©2020
300 _a1 recurso en línea (287 páginas)
336 _atexto
_btxt
_2rdacontent/spa
337 _acomputadora
_bc
_2rdamedia/spa
338 _arecurso en línea
_bcr
_2rdacarrier/spa
490 1 _a1320
588 _aDescripción basada en metadatos suministrados por el editor y otras fuentes.
590 _aRecurso electrónico. Santa Fe, Arg.: elibro, 2022. Disponible vía World Wide Web. El acceso puede estar limitado para las bibliotecas afiliadas a elibro.
650 4 _aNovela.
655 4 _aLibros electrónicos.
655 4 _aNovelas.
700 1 _aLópez Muñoz, José Luis,
_etraductor.
797 2 _aelibro, Corp.
830 0 _a1320.
856 4 0 _uhttps://elibro.net/ereader/politecnicointernacional/216574
999 _c88086
_d88086